Psicología (Registro nro. 10799)

000 -CABECERA
Campo de control de longitud fija 01574nam a22003137a 4500
003 - IDENTIFICADOR DEL NÚMERO DE CONTROL
Campo de control OSt
005 - FECHA Y HORA DE LA ÚLTIMA TRANSACCIÓN
Campo de control 20260327150349.0
008 - CÓDIGOS DE INFORMACIÓN DE LONGITUD FIJA
Campo de control de longitud fija 260327t2006 xxu||||| |||| 00| 0 spa d
020 ## - NÚMERO INTERNACIONAL NORMALIZADO PARA LIBROS (ISBN)
Número Internacional Normalizado para Libros (ISBN) 849352316X
040 ## - FUENTE DE LA CATALOGACIÓN
Centro catalogador de origen Unicoc
Lengua de catalogación spa
Centro que cataloga Bogotá (Dr. David Ordóñez Rueda) - Campus Norte
Centro modificador Bogotá (Dr. David Ordóñez Rueda) - Campus Norte
082 ## - NÚMERO DE LA CLASIFICACIÓN DECIMAL DEWEY
Número de clasificación 150
100 ## - PUNTO DE ACCESO PRINCIPAL - NOMBRE DE PERSONA
9 (RLIN) 12834
Nombre de persona Roca i Balasch, Josep
245 ## - MENCIÓN DE TÍTULO
Título Psicología
Subtitulo o Resto del título : una introducción teórica
Mención de responsabilidad etc. / Josep Roca i Balasch
250 ## - MENCIÓN DE EDICIÓN
Mención de edición 1 Ed.
260 ## - PUBLICATION, DISTRIBUTION, ETC. (IMPRINT)
Lugar de publicación distribución etc. España :
Nombre del editor distribuidor etc. Documenta Universitaria ,
Fecha de publicación distribución etc. 2006
300 ## - DESCRIPCIÓN FÍSICA
Extensión 342 páginas
Otras características físicas Ilustraciones, tablas
440 ## - MENCIÓN DE SERIE
9 (RLIN) 12836
Título Liceu psicològic
Número de la parte/sección de una obra 3
500 ## - NOTA GENERAL
Nota general Incluye bibliografía
505 ## - NOTA DE CONTENIDO CON FORMATO
Título Capítulo 1. una clasificación de las ciencias. –
-- Capítulo 2. conocimiento psicológico ordinario. –
-- Capítulo 3. psicología diferencial. –
-- Capítulo 4. principios generales. –
-- Capítulo 5. comportamiento psíquico. –
-- Capítulo 6. el cambio cuantitativo en el comportamiento psíquico. –
-- Capítulo 7. la evolución psíquica. –
-- Capítulo 8. la individualidad. –
-- Capítulo 9.- criterios, categorías y conceptos psicológicos.
526 ## - NOTA DE INFORMACIÓN SOBRE EL PROGRAMA DE ESTUDIO
Institución que aplica el campo Unicoc
546 ## - NOTA DE LENGUA
Nota de lengua Español
650 #0 - PUNTO DE ACCESO ADICIONAL DE MATERIA - TÉRMINO DE MATERIA
9 (RLIN) 453
Término de materia o nombre geográfico como elemento inicial Psicología
Subdivisión de forma Teoría
650 #0 - PUNTO DE ACCESO ADICIONAL DE MATERIA - TÉRMINO DE MATERIA
9 (RLIN) 12837
Término de materia o nombre geográfico como elemento inicial Introducción a la psicología
650 #0 - PUNTO DE ACCESO ADICIONAL DE MATERIA - TÉRMINO DE MATERIA
9 (RLIN) 10275
Término de materia o nombre geográfico como elemento inicial Psicología del desarrollo
650 #0 - PUNTO DE ACCESO ADICIONAL DE MATERIA - TÉRMINO DE MATERIA
9 (RLIN) 6579
Término de materia o nombre geográfico como elemento inicial Psicología social.
658 #0 - TÉRMINO DE INDIZACIÓN - OBJETIVO CURRICULAR
9 (RLIN) 10741
Programa Académico Programa de Psicología
856 ## - LOCALIZACIÓN Y ACCESO ELECTRÓNICOS
Texto del enlace Acceso online exclusivo para comunidad Unicoc.
Identificador Uniforme del Recurso (URI) https://unicoceduco-my.sharepoint.com/:b:/g/personal/direccionbiblioteca_unicoc_edu_co/IQCGFhEOA20TRrgoLV6c8GJ2AVI_nDz_i0U24CVKadK8GkI
942 ## - ENTRADA PARA ELEMENTOS AGREGADOS (KOHA)
Fuente de clasificación o esquema de ordenación en estanterías
Koha [por defecto] tipo de item Libro electrónico
Existencias
Localización actual Estado de pérdida Localización permanente Signatura completa Fuente de adquisición Estropeado Fecha del precio de reemplazo Precio Tipo de item de Koha Código de barras Fecha última consulta Fuente de clasificación o esquema de ordenación en estanterías Fecha de adquisición No para préstamo Código de colección
Bogotá (Dr. David Ordóñez Rueda) - Campus Norte Bogotá (Dr. David Ordóñez Rueda) - Campus Norte150Compra 2026-03-27200000.00Libro electrónicoEbook107992026-03-27 2026-03-27 Coleccion Online

© 2014 UNICOC | Institución Universitaria Colegios de Colombia - UNICOC
Bogotá D.C. Autopista Norte Km. 20. Teléfono:(571)6683535
Cali: Calle 13 Norte No. 3N-13. Teléfono: (572)6608887

Con tecnología de Koha